Top 30 : Chris Brown - Statistiques

Statistiques générales
  • Ce quiz a été pris 35 fois
  • Le résultat moyen est 12 sur 30
Statistiques - réponses
Top Titres Featuring % Correct
9 Loyal Lil Wayne, Tyga
79%
2 No Guidance Drake
75%
10 Ayo Tyga
61%
16 Post to Be Omarion, Jhené Aiko
61%
6 International Love Pitbull
57%
24 Kiss Kiss T-Pain
54%
17 Look At Me Now Lil Wayne, Busta Rhymes
54%
13 No Air Jordin Sparks
54%
22 New Flame Usher, Rick Ross
50%
11 Only Nicki Minaj, Drake, Lil Wayne
50%
20 Show Me Kid Ink
50%
14 Do It Again Pia Mia, Tyga
46%
27 Easy - Remix DaniLeigh
46%
7 Freaky Friday Lil Dicky
46%
29 The Take Tory Lanez
46%
12 With You
43%
21 All Eyes on You Meek Mill, Nicki Minaj
39%
5 Go Crazy Young Thug
39%
30 Next To You Justin Bieber
39%
1 Under The Influence
36%
18 Run It! Juelz Santana
32%
19 Yo (Excuse Me Miss)
32%
4 Five More Hours Deorro
25%
8 Forever
21%
3 Superhero (Heroes & Villains) Metro Boomin, Future
18%
26 Angel Numbers / Ten Toes
11%
28 Questions
11%
15 Nostálgico Rvssian, Rauw Alejandro
7%
25 Not You Too Drake
7%
23 Algo Me Gusta De Ti Wisin y Yandel, T-Pain
4%
Aucun quiz correspondant
Distribution des résultats
% des personnes avec chaque résultat
Percentile par nombre de réponses
Votre historique - résultats
Vous n’avez pas pris ce quiz